| 000 | 005030000a22001930004500 | ||
|---|---|---|---|
| 001 | 003528 | ||
| 003 | MACL | ||
| 005 | 20150714161257.0 | ||
| 008 | 150714b xxu||||| |||| 00| 0 eng d | ||
| 040 |
_aMACL _cMACL |
||
| 041 | _aEnglish | ||
| 082 | _a320.8/DE | ||
| 100 |
_aSe, Dr. S.S. _92107 |
||
| 245 |
_aLocal Self Government In Western Magarashtra 1923-1947 _cDr. S.S. Se |
||
| 260 |
_aSahitya Niketan, _c2006 _bKolkata |
||
| 350 | _a250 | ||
| 650 |
_aPolitical Science _988 |
||
| 942 |
_k321 _cBK _2ddc |
||
| 999 |
_c15428 _d15428 |
||